LEADER 01266nam a2200229 4500 001 000000364872 003 CaOOAMICUS 005 20251027143240.0 008 251027s1927 it 000 u ita r 040 $aSeMil$bita 100 1 $aTredici, Giacinto .$0(OLS)http://semarc/name/17126 245 10$aL'Azione Catt. in genere :$bsegue: Borsieri G., La parrocchialità dell'azione cattolica ; Morelli D. G., I consigli parrocchiali : lezioni tenute a Milano il 27 gennaio 1927. 264 1$aMilano :$bGiunta Diocesana Milanese,$c1927. 300 $a32 p. ;$c20 cm 650 4$aAzione Cattolica Ambrosiana - Documenti.$0(OLS)http://semarc/subject/30127 700 1 $aMorelli, Giovanni.$0(OLS)http://semarc/name/51169 700 1 $aBorsieri, Giovanni.$0(OLS)http://semarc/name/123036 850 $aSeMil 852 $aSeMil$W1$xVenegono$y1$m5C VIII 1/7$j263825$B255697$CSeMilBibl$Z2$F255697 $86 996 $6245$aL'Azione Catt. in genere :$bsegue: Borsieri G., La parrocchialità dell'azione cattolica ; Morelli D. G., I consigli parrocchiali : lezioni tenute a Milano il 27 gennaio 1927$9(OLS)http://semarc/title/456367 996 $6264$aMilano :$bGiunta Diocesana Milanese$9(OLS)http://semarc/publisher/47122 LEADER 01216nam a2200289 i 4500 001 000000050284 003 CaOOAMICUS 005 20130320000000.0 008 130320s1996 it u000 u ita u 013 $a21455 020 $a8821532011 040 $aSeMil$bita 100 1 $aAdnès, Pierre,$c.$0(OLS)http://semarc/name/22904 240 12$aL'onction des malades : histoire et théologie.$0(OLS)http://semarc/title/76764 245 12$aL'unzione degli infermi :$bstoria e teologia /$cPierre Adnès. 260 $aCinisello Balsamo :$bSan Paolo,$c1996. 300 $a99 p. ;$c21 cm. 490 0 $aUniverso teologia ;$v51 500 $aContiene : Bibliografia. 650 4$aUnzione degli infermi .$0(OLS)http://semarc/subject/5582 830 0$aUniverso teologia ;$v51.$0(OLS)http://semarc/title/224 850 $aSeMil 852 $aSeMil$W1$xVenegono$y1$m2D VII 106$j262295$B16439$CSeMilBibl$Z2$F16439 $81 961 $aAcquisto: Glossa (Libreria) 996 $6020$a8821532011$9(OLS)http://semarc/number/23960 996 $6245$aL'unzione degli infermi :$bstoria e teologia$9(OLS)http://semarc/title/76763 996 $6260$aCinisello Balsamo :$bSan Paolo$9(OLS)http://semarc/publisher/30129